Tratado de geografía física moderna

Guardat en:
Dades bibliogràfiques
Autor principal: Gajardo Reyes, Ismael (Autor)
Format: Llibre
Idioma:espanyol
Publicat: Santiago Universitaria 1917
Matèries:
Etiquetes: Afegir etiqueta
Sense etiquetes, Sigues el primer a etiquetar aquest registre!

MARC

LEADER 00000nam a2200000 a 4500
001 UCZ8668
003 CL-VaPUC
008 960125e19170000CL |||||||||||||||||spa|d
082 0 4 |a 372.891  |b GAJ  |2 21 
100 |a Gajardo Reyes, Ismael  |e author  |9 513808 
245 1 0 |a Tratado de geografía física moderna 
300 |a 225 p 
942 |c BK 
945 |d 19960125 00:00:00  |a cmena 
260 |a Santiago  |b Universitaria  |c 1917 
650 0 |a Geografía  |9 259346 
650 0 |a Geografía física   |9 259347 
650 0 |a Enseñanza de la geografía  |9 310005 
650 7 |a GEOGRAFIA REGIONAL  |2 CL-VaPUC  |9 350312 
651 7 |a CHILE  |2 CL-VaPUC  |9 354046 
583 |a last modification  |c 19960125 00:00:00  |k Rodrigo Vera 
999 |c 244520  |d 244518 
952 |0 0  |1 0  |4 0  |6 372_891000000000000_GAJ_1917  |7 0  |8 P  |9 258606  |a BIBEDU  |b BIBEDU  |c BIBEDU_PB  |d 2019-11-19  |i 161892K  |o 372.891 GAJ 1917  |p 161892K  |r 2024-01-25  |w 2019-11-19  |y BK  |k EDU